[Event "Mercredi 2022.11.15 ABCD"]
[Site "Montreal CAN"]
[Date "2022.11.23"]
[Round "2"]
[White "Lima-Barbosa, Raphael"]
[Black "Sekki, Abderaouf"]
[Result "0-1"]
[WhiteElo "1879"]
[BlackElo "1895"]
[PlyCount "88"]
[EventDate "2022.11.16"]
[EventType "tourn"]
[EventRounds "5"]
[EventCountry "CAN"]

1. d4 f5 2. g3 Nf6 3. Bg2 e6 4. Nf3 Be7 5. O-O O-O 6. c4 Ne4 7. Nc3 Nxc3 8.
bxc3 d6 9. Qb3 Nc6 10. d5 Na5 11. Qa4 c6 12. Rd1 cxd5 13. cxd5 e5 14. Ba3 Bf6
15. Qb4 e4 16. Nd4 Bxd4 17. Rxd4 Rf6 18. f3 exf3 19. exf3 b6 20. Re1 Ba6 21.
Bf1 Bxf1 22. Kxf1 Rc8 23. Qa4 Rf7 24. Re6 Rd7 25. Rf4 Nb7 26. Qd4 Rf7 27. g4
Qf8 28. Qe3 Rd8 29. gxf5 g6 30. f6 Nc5 31. Bxc5 bxc5 32. c4 Qh6 33. Re8+ Rxe8
34. Qxe8+ Rf8 35. Qe7 g5 36. Rf5 Rf7 37. Qe8+ Rf8 38. Qe6+ Rf7 39. Qe8+ Rf8 40.
Qe7 Rf7 41. Qd8+ Rf8 42. Rxg5+ Kh8 43. Qe7 Rxf6 44. Qd8+ Rf8 0-1

[Event "Mercredi 2022.11.15 ABCD"]
[Site "Montreal CAN"]
[Date "2022.11.23"]
[Round "2"]
[White "Mok, Yuen Tak"]
[Black "Have, Didier"]
[Result "0-1"]
[WhiteElo "2031"]
[BlackElo "2010"]
[PlyCount "118"]
[EventDate "2022.11.16"]
[EventType "tourn"]
[EventRounds "5"]
[EventCountry "CAN"]

1. e4 Nf6 2. e5 Nd5 3. d4 d6 4. Nf3 Nb6 5. Be2 Nc6 6. exd6 cxd6 7. c4 Bg4 8. b3
g6 9. Bb2 Bg7 10. Nbd2 O-O 11. h3 Bxf3 12. Nxf3 d5 13. Rc1 Re8 14. O-O e6 15.
Qd2 Qe7 16. c5 Nc8 17. b4 a6 18. a4 Qf8 19. Ra1 a5 20. b5 Nb4 21. Bc3 b6 22. c6
Qd6 23. Rab1 Bf8 24. Ne5 Qc7 25. Nd7 Be7 26. Qe3 Ra7 27. Bd2 Nc2 28. Qc3 Nb4
29. g3 Nd6 30. Bf4 Rd8 31. Qf3 Rxd7 32. cxd7 Qxd7 33. h4 Nf5 34. Rfd1 Bd6 35.
Rbc1 Rc7 36. Rxc7 Qxc7 37. Bxd6 Qxd6 38. Qc3 Kg7 39. h5 g5 40. Kg2 h6 41. Bg4
Ne7 42. Qd2 Ng8 43. Be2 Nf6 44. Bf3 g4 45. Be2 Ne4 46. Qe3 Nc2 47. Qd3 Nb4 48.
Qb3 Nf6 49. Rc1 e5 50. dxe5 Qxe5 51. Qe3 Qb2 52. Rc7 Ne4 53. Qf4 Nf6 54. Bf1
Qa2 55. Rb7 d4 56. Qxd4 Nc2 57. Qd3 Ne1+ 58. Kg1 Nxd3 59. Bxd3 Qd5 0-1

[Event "Mercredi 2022.11.15 ABCD"]
[Site "Montreal CAN"]
[Date "2022.11.23"]
[Round "2"]
[White "Wang, Rachel"]
[Black "Landry, Sylvain"]
[Result "0-1"]
[WhiteElo "1892"]
[BlackElo "1918"]
[PlyCount "76"]
[EventDate "2022.11.16"]
[EventType "tourn"]
[EventRounds "5"]
[EventCountry "CAN"]

1. d4 d5 2. c4 c6 3. Nf3 Nf6 4. e3 Bf5 5. b3 e6 6. Bb2 Bxb1 7. Rxb1 Bb4+ 8. Ke2
Nbd7 9. a3 Ba5 10. b4 Bc7 11. Ke1 O-O 12. c5 Ne4 13. Bd3 f5 14. Ne5 Nxe5 15.
dxe5 Qg5 16. g3 a5 17. h4 Qg6 18. Rg1 axb4 19. axb4 Ra2 20. Bc2 Rxb2 21. Rxb2
Bxe5 22. Rb3 Ra8 23. Bxe4 fxe4 24. Qc2 d4 25. exd4 Bxd4 26. Rf1 Ra1+ 27. Rb1
Bc3+ 28. Kd1 Qh5+ 29. Kc1 Qh6+ 30. Kd1 Rxb1+ 31. Ke2 Rb2 32. Qxb2 Bxb2 33. Rd1
Qh5+ 34. Kd2 Qf3 35. Kc2 Qc3+ 36. Kb1 Qxb4 37. Rd8+ Kf7 38. Rd7+ Ke8 0-1

[Event "Mercredi 2022.11.15 ABCD"]
[Site "Montreal CAN"]
[Date "2022.11.30"]
[Round "3"]
[White "Batorshyn, Ilia"]
[Black "Leveille, Francois"]
[Result "0-1"]
[WhiteElo "2145"]
[BlackElo "2331"]
[PlyCount "106"]
[EventDate "2022.11.16"]
[EventType "tourn"]
[EventRounds "5"]
[EventCountry "CAN"]

1. e4 Nf6 2. e5 Nd5 3. d4 d6 4. c4 Nb6 5. exd6 cxd6 6. Nc3 g6 7. Be3 Bg7 8. Nf3
O-O 9. Be2 Bg4 10. O-O Nc6 11. b3 d5 12. c5 Nc8 13. Rc1 Bxf3 14. Bxf3 e6 15. a3
N8e7 16. Ne2 Nf5 17. Qd2 Re8 18. Bg4 Nxe3 19. Qxe3 Qh4 20. h3 h5 21. Bf3 Bxd4
22. Nxd4 Qxd4 23. Qg5 Qe5 24. Qd2 Rac8 25. b4 Red8 26. Rfd1 Qf6 27. b5 Ne5 28.
Be2 Nc4 29. Qb4 b6 30. c6 Nd6 31. a4 Ne4 32. Bf3 Ng5 33. Be2 e5 34. a5 d4 35.
axb6 axb6 36. Ra1 Ne4 37. Bf3 Nc3 38. Re1 e4 39. Bxe4 d3 40. Bf3 d2 41. Rf1 Qe5
42. Bd1 Nxb5 43. Bf3 Nd4 44. Qxb6 Nxf3+ 45. gxf3 Qg5+ 46. Kh2 Qf6 47. Qe3 Rxc6
48. Rfd1 Re6 49. Qh6 Re2 50. Kg2 Qb6 51. Rf1 d1=Q 52. Raxd1 Rxd1 53. Rxd1 Qxf2+
0-1

[Event "Mercredi 2022.11.15 ABCD"]
[Site "Montreal CAN"]
[Date "2022.11.30"]
[Round "3"]
[White "Cardin, Guillaume"]
[Black "Mok, Yuen Tak"]
[Result "1-0"]
[WhiteElo "2095"]
[BlackElo "2031"]
[PlyCount "63"]
[EventDate "2022.11.16"]
[EventType "tourn"]
[EventRounds "5"]
[EventCountry "CAN"]

1. d4 d5 2. c4 c6 3. Nc3 Nf6 4. e3 e6 5. Nf3 Nbd7 6. Be2 Bd6 7. O-O O-O 8. b3
b6 9. Bb2 Bb7 10. Bd3 Qe7 11. Re1 dxc4 12. bxc4 e5 13. Qc2 Rfe8 14. Ng5 exd4
15. Nce4 Nxe4 16. Nxe4 Bc7 17. exd4 Qh4 18. Ng3 Nf6 19. Nf1 Rad8 20. Rad1 Ng4
21. g3 Qh5 22. Be4 Nf6 23. Bg2 Qa5 24. Bc3 Qa3 25. d5 Rxe1 26. Rxe1 cxd5 27.
Bxf6 gxf6 28. Ne3 Be5 29. Nxd5 Bxd5 30. Bxd5 Qc5 31. Qf5 b5 32. Rxe5 1-0

[Event "Mercredi 2022.11.15 ABCD"]
[Site "Montreal CAN"]
[Date "2022.11.30"]
[Round "3"]
[White "Chapdelaine, Gwyn"]
[Black "Have, Didier"]
[Result "1/2-1/2"]
[WhiteElo "1985"]
[BlackElo "2010"]
[PlyCount "100"]
[EventDate "2022.11.16"]
[EventType "tourn"]
[EventRounds "5"]
[EventCountry "CAN"]

1. e4 Nf6 2. Nc3 e5 3. f4 d5 4. fxe5 Nxe4 5. Nf3 Be7 6. d3 Nxc3 7. bxc3 c5 8.
d4 O-O 9. Be2 Nc6 10. O-O Be6 11. Be3 f6 12. exf6 Bxf6 13. Rb1 cxd4 14. Nxd4
Nxd4 15. Bxd4 b6 16. Bf3 Qd7 17. Re1 Rad8 18. Bxf6 Rxf6 19. Qd4 Qd6 20. Rb5 Qc6
21. a4 Bf7 22. Re5 Rfd6 23. Rb1 Rc8 24. Re3 Qc5 25. Rd1 Kf8 26. Bg4 Qxd4 27.
Rxd4 Re8 28. Kf2 Rxe3 29. Kxe3 Rc6 30. Kd3 Bg6+ 31. Kd2 Be4 32. Bf3 Bxf3 33.
gxf3 Rc5 34. Kd3 Ke7 35. Rh4 h6 36. Rg4 g5 37. h4 Kf6 38. hxg5+ hxg5 39. f4 Kf5
40. Rxg5+ Kxf4 41. Rh5 Kg4 42. Rh7 Ra5 43. Rd7 Kf3 44. Kd4 Ke2 45. Rxd5 Rxa4+
46. c4 Kd2 47. c3 Kc2 48. Rb5 Ra3 49. c5 Rxc3 50. cxb6 axb6 1/2-1/2

[Event "Mercredi 2022.11.15 ABCD"]
[Site "Montreal CAN"]
[Date "2022.11.30"]
[Round "3"]
[White "Cote, Etienne"]
[Black "Lima-Barbosa, Raphael"]
[Result "0-1"]
[WhiteElo "1793"]
[BlackElo "1879"]
[PlyCount "110"]
[EventDate "2022.11.16"]
[EventType "tourn"]
[EventRounds "5"]
[EventCountry "CAN"]

1. e4 c5 2. Nf3 Nc6 3. Bb5 g6 4. Bxc6 dxc6 5. h3 Bg7 6. d3 Nf6 7. Nc3 Nd7 8.
Be3 e5 9. Qd2 h6 10. Nh2 Qe7 11. O-O Nf8 12. f4 exf4 13. Rxf4 Ne6 14. Rf2 Nd4
15. a4 Be6 16. a5 O-O-O 17. Na4 c4 18. Nf3 cxd3 19. Nxd4 Bxd4 20. cxd3 Qd6 21.
Rc1 Bxe3 22. Qxe3 Qd4 23. Qxd4 Rxd4 24. Nc5 Kc7 25. Rcf1 b6 26. Nxe6+ fxe6 27.
Rf7+ Kd6 28. Rxa7 bxa5 29. Rxa5 Rxd3 30. e5+ Kc7 31. Rf6 Rd5 32. Rxd5 exd5 33.
Rxg6 h5 34. Rg7+ Kb6 35. e6 Rh6 36. e7 Re6 37. Rh7 Kc5 38. Rxh5 Rxe7 39. Kf2
Kc4 40. Rh6 c5 41. g4 d4 42. Ra6 d3 43. Ra4+ Kb3 44. Ra3+ Kc4 45. h4 d2 46. Ra1
Kb3 47. Rd1 Kc2 48. Rxd2+ Kxd2 49. g5 Rg7 50. Kf3 Kc2 51. Kf4 c4 52. h5 Kxb2
53. h6 Rh7 54. Kf5 c3 55. Kg6 Rc7 0-1

[Event "Mercredi 2022.11.15 ABCD"]
[Site "Montreal CAN"]
[Date "2022.11.30"]
[Round "3"]
[White "Di Matteo, Alessio"]
[Black "Lebeau, Gilbert"]
[Result "0-1"]
[WhiteElo "1967"]
[BlackElo "1924"]
[PlyCount "118"]
[EventDate "2022.11.16"]
[EventType "tourn"]
[EventRounds "5"]
[EventCountry "CAN"]

1. d4 d5 2. c4 c6 3. Nf3 Nf6 4. Nc3 dxc4 5. a4 Bf5 6. Ne5 e6 7. Nxc4 Be7 8. f3
Nbd7 9. e4 Bg6 10. Bf4 O-O 11. Be2 a6 12. O-O b5 13. axb5 axb5 14. Rxa8 Qxa8
15. Ne5 Rd8 16. Qc1 b4 17. Nb1 c5 18. Kh1 cxd4 19. Nc6 Re8 20. Nxe7+ Rxe7 21.
Bd6 Re8 22. Bxb4 Rc8 23. Qd2 e5 24. Rc1 h5 25. Na3 h4 26. Rxc8+ Qxc8 27. Nc4
Nh5 28. Bd6 f6 29. b4 Nf4 30. Bf1 Qc6 31. g3 hxg3 32. hxg3 Nh5 33. Kh2 Bf7 34.
Qd3 Kh8 35. Be7 Qe6 36. Bd8 Qa6 37. Ba5 Qc6 38. Be2 g6 39. Bd8 Ng7 40. Be7 Ne8
41. Na5 Qc1 42. Kg2 Be6 43. Qd1 Qe3 44. Nc4 Qc3 45. Nd6 Nxd6 46. Bxd6 Nb6 47.
Bc5 Nc4 48. Qa4 Qc1 49. Qe8+ Bg8 50. Bxc4 Qd2+ 51. Kg1 Qe3+ 52. Kg2 Qd2+ 53.
Kf1 Qc1+ 54. Kg2 Qxc4 55. Qxg6 Qe2+ 56. Kh3 Qf1+ 57. Kh2 Qf2+ 58. Kh1 Qf1+ 59.
Kh2 Qf2+ 0-1

[Event "Mercredi 2022.11.15 ABCD"]
[Site "Montreal CAN"]
[Date "2022.11.30"]
[Round "3"]
[White "Genzling, Jerome"]
[Black "Gadbois, Patrick"]
[Result "1/2-1/2"]
[WhiteElo "1981"]
[BlackElo "1921"]
[PlyCount "89"]
[EventDate "2022.11.16"]
[EventType "tourn"]
[EventRounds "5"]
[EventCountry "CAN"]

1. e4 e6 2. d4 d5 3. e5 c5 4. c3 Nc6 5. Nf3 Qb6 6. a3 c4 7. Nbd2 f6 8. Be2 fxe5
9. Nxe5 Nf6 10. f4 Bd6 11. Ndf3 O-O 12. O-O Bd7 13. Rb1 Qc7 14. Be3 Na5 15. Qe1
Ba4 16. Qh4 Bc2 17. Rbc1 Be4 18. Ng5 Rae8 19. Qh3 Qe7 20. Bd1 b5 21. Bh5 Nxh5
22. Qxh5 Bxe5 23. Nxe4 Bd6 24. Nxd6 Qxd6 25. Rce1 g6 26. Qe2 Nc6 27. Rf3 a5 28.
Bf2 b4 29. axb4 axb4 30. Bg3 Rf5 31. Re3 bxc3 32. bxc3 Na7 33. Rxe6 Rxe6 34.
Qxe6+ Qxe6 35. Rxe6 Nb5 36. Re3 Kf7 37. Rf3 Rf6 38. Bh4 Ra6 39. f5 Ra1+ 40. Kf2
Ra3 41. fxg6+ Kxg6 42. Rg3+ Kf7 43. Rf3+ Kg6 44. Rg3+ Kf7 45. Rf3+ 1/2-1/2

[Event "Mercredi 2022.11.15 ABCD"]
[Site "Montreal CAN"]
[Date "2022.11.30"]
[Round "3"]
[White "Landry, Sylvain"]
[Black "Beaulieu, Pierre"]
[Result "1-0"]
[WhiteElo "1918"]
[BlackElo "1870"]
[PlyCount "41"]
[EventDate "2022.11.16"]
[EventType "tourn"]
[EventRounds "5"]
[EventCountry "CAN"]

1. d4 e6 2. e4 d5 3. Nc3 Nf6 4. e5 Nfd7 5. f4 c5 6. Nf3 cxd4 7. Nxd4 Nc6 8. Be3
a6 9. a3 Qc7 10. Bd3 Ndxe5 11. O-O Nxd3 12. Qxd3 Bd6 13. f5 Bxh2+ 14. Kh1 O-O
15. f6 g6 16. Nxc6 bxc6 17. Bc5 Bd6 18. Qd2 Kh8 19. Ne4 Bxc5 20. Qh6 Rg8 21.
Ng5 1-0

[Event "Mercredi 2022.11.15 ABCD"]
[Site "Montreal CAN"]
[Date "2022.11.30"]
[Round "3"]
[White "Lawson, Eric"]
[Black "Latorre, Vincent"]
[Result "1-0"]
[WhiteElo "2346"]
[BlackElo "2130"]
[PlyCount "77"]
[EventDate "2022.11.16"]
[EventType "tourn"]
[EventRounds "5"]
[EventCountry "CAN"]

1. e4 e5 2. Nf3 Nc6 3. Bc4 Bc5 4. d3 Nf6 5. O-O d6 6. c3 O-O 7. a4 a6 8. Re1
Ba7 9. Nbd2 Ng4 10. Re2 Kh8 11. h3 Nh6 12. Nf1 f5 13. N1h2 Qf6 14. Be3 Bxe3 15.
Rxe3 g5 16. exf5 Bxf5 17. d4 g4 18. dxe5 dxe5 19. hxg4 Nxg4 20. Nxg4 Bxg4 21.
Qe1 Rae8 22. Bd5 Bxf3 23. Rxf3 Qd6 24. Rd1 Rxf3 25. Bxf3 Qe7 26. Rd3 Qg5 27.
Be4 Rg8 28. Rg3 Qf4 29. Rh3 h6 30. Rh5 Qg4 31. Rxh6+ Kg7 32. Rg6+ Qxg6 33. Bxg6
Kxg6 34. Qe4+ Kf6 35. b4 Rg7 36. Qd5 Re7 37. f3 Re8 38. Qd7 Re7 39. Qc8 1-0

[Event "Mercredi 2022.11.15 ABCD"]
[Site "Montreal CAN"]
[Date "2022.11.30"]
[Round "3"]
[White "Rodrigue-Lemieux, Shawn"]
[Black "Adam, Rafael"]
[Result "1-0"]
[WhiteElo "2489"]
[BlackElo "2244"]
[PlyCount "67"]
[EventDate "2022.11.16"]
[EventType "tourn"]
[EventRounds "5"]
[EventCountry "CAN"]

1. Nf3 Nf6 2. g3 b6 3. Bg2 Bb7 4. O-O e6 5. d3 d5 6. Nbd2 Be7 7. e4 dxe4 8. Ng5
c5 9. Ndxe4 Nxe4 10. Nxe4 Nc6 11. Qg4 O-O 12. Bh6 Bf6 13. Rfe1 Qe7 14. Nxf6+
Qxf6 15. Bf4 e5 16. Bd2 Qd6 17. Bc3 Rae8 18. f4 f5 19. Qg5 h6 20. Qh5 Bc8 21.
fxe5 Nxe5 22. Qe2 f4 23. Bxe5 Qg6 24. Qf2 f3 25. Bh1 Bg4 26. Re3 Re7 27. Rae1
Rfe8 28. Bc3 Rxe3 29. Rxe3 Rf8 30. Re7 Rf7 31. Rxf7 Qxf7 32. b3 h5 33. Qe3 h4
34. Kf2 1-0

[Event "Mercredi 2022.11.15 ABCD"]
[Site "Montreal CAN"]
[Date "2022.11.30"]
[Round "3"]
[White "Sekki, Abderaouf"]
[Black "Wang, Rachel"]
[Result "1-0"]
[WhiteElo "1895"]
[BlackElo "1892"]
[PlyCount "139"]
[EventDate "2022.11.16"]
[EventType "tourn"]
[EventRounds "5"]
[EventCountry "CAN"]

1. d4 d5 2. c4 dxc4 3. Nf3 Nf6 4. Nc3 e6 5. e4 c5 6. d5 exd5 7. exd5 a6 8. a4
Nbd7 9. Bxc4 Bd6 10. O-O O-O 11. Bg5 h6 12. Bh4 Ne5 13. Nxe5 Bxe5 14. Qf3 g5
15. Bg3 Bg4 16. Qd3 Bd4 17. d6 Kg7 18. Nd5 Nxd5 19. Bxd5 Qd7 20. Rfe1 Rae8 21.
Qb3 b5 22. axb5 axb5 23. h3 Bf5 24. Rxe8 Rxe8 25. Qf3 g4 26. hxg4 Bxg4 27. Bc6
Qc8 28. Qd5 Bd7 29. Bb7 Qd8 30. Ra8 Re1+ 31. Kh2 Qf6 32. Bc8 Be5 33. Bxd7 Qh4+
34. Bh3 Bxg3+ 35. fxg3 Qf6 36. d7 Qf1 37. Rg8+ Kxg8 38. d8=Q+ Kg7 39. g4 Qg1+
40. Kg3 Re3+ 41. Kh4 Qe1+ 42. Kh5 Re5+ 43. Qxe5+ Qxe5+ 44. Kh4 Qxb2 45. g5 Qf2+
46. g3 Qd4+ 47. Qxd4+ cxd4 48. Bf5 hxg5+ 49. Kxg5 b4 50. Bc2 f6+ 51. Kf5 Kh6
52. Kxf6 Kh5 53. Kf5 Kh6 54. g4 Kg7 55. Ke4 Kg6 56. Kxd4+ Kg5 57. Bf5 b3 58.
Kc3 Kf4 59. Kxb3 Kg5 60. Kc4 Kf4 61. Kd5 Kg5 62. Ke6 Kh6 63. Kf7 Kg5 64. Kg7
Kf4 65. Kf6 Kg3 66. g5 Kh4 67. g6 Kh5 68. g7 Kh4 69. g8=Q Kh5 70. Qg5# 1-0

[Event "Mercredi 2022.11.15 ABCD"]
[Site "Montreal CAN"]
[Date "2022.11.30"]
[Round "3"]
[White "Singher, Jean-Pierre"]
[Black "Jacquet, Stephane"]
[Result "1-0"]
[WhiteElo "1989"]
[BlackElo "1988"]
[PlyCount "87"]
[EventDate "2022.11.16"]
[EventType "tourn"]
[EventRounds "5"]
[EventCountry "CAN"]

1. d4 d6 2. c4 g6 3. h4 Nf6 4. Nc3 Bg7 5. e4 a6 6. Be2 h5 7. Bg5 Nbd7 8. Qd2 c5
9. d5 Ne5 10. Nf3 Neg4 11. O-O Bd7 12. Rab1 b5 13. cxb5 axb5 14. b4 c4 15. Nd4
Qb6 16. Rbd1 O-O 17. f3 Ne5 18. Be3 Qb7 19. a4 bxa4 20. b5 a3 21. Nc6 Rfe8 22.
Nxe5 dxe5 23. b6 Rec8 24. Ra1 Ne8 25. Qc1 Nd6 26. Rxa3 Rxa3 27. Qxa3 Ra8 28.
Qb4 Bf6 29. g3 Qa6 30. Rb1 Bc8 31. Nb5 Qa2 32. Kf2 Nxb5 33. Qxb5 Ba6 34. Qb2
Bb7 35. Qxa2 Rxa2 36. Rc1 c3 37. Ke1 Ra3 38. Bd3 Kf8 39. Bc5 Rb3 40. Bc4 Rb2
41. Rxc3 Rg2 42. Bf2 g5 43. Bf1 Rh2 44. Rc7 1-0

[Event "Mercredi 2022.11.15 ABCD"]
[Site "Montreal CAN"]
[Date "2022.11.30"]
[Round "3"]
[White "Toenz, Antoine"]
[Black "Barko, Maxim"]
[Result "0-1"]
[WhiteElo "1985"]
[BlackElo "1981"]
[PlyCount "42"]
[EventDate "2022.11.16"]
[EventType "tourn"]
[EventRounds "5"]
[EventCountry "CAN"]

1. e4 e6 2. d4 d5 3. e5 c5 4. Nf3 Qb6 5. Bd3 Bd7 6. O-O cxd4 7. Nbd2 Nc6 8. Nb3
Rc8 9. Bf4 Nge7 10. Bg3 h6 11. a4 a5 12. h3 Nb4 13. Nfxd4 Nxd3 14. Qxd3 Rc4 15.
Nb5 Bxb5 16. axb5 a4 17. Nd2 Rd4 18. Qe2 Nf5 19. Bh2 a3 20. g4 Nh4 21. bxa3
Rxd2 0-1

[Event "Mercredi 2022.11.15 ABCD"]
[Site "Montreal CAN"]
[Date "2022.12.07"]
[Round "4"]
[White "Adam, Rafael"]
[Black "Leveille, Francois"]
[Result "1-0"]
[WhiteElo "2244"]
[BlackElo "2331"]
[PlyCount "53"]
[EventDate "2022.11.16"]
[EventType "tourn"]
[EventRounds "5"]
[EventCountry "CAN"]

1. d4 e6 2. c4 c5 3. d5 exd5 4. cxd5 d6 5. Nc3 g6 6. e4 Bg7 7. Bd3 Nf6 8. h3 a6
9. a4 Nbd7 10. Nf3 Nh5 11. O-O Ne5 12. Nxe5 Bxe5 13. Ne2 g5 14. Nd4 g4 15. Nf5
Bxf5 16. exf5 Rg8 17. g3 Nf6 18. h4 Qd7 19. Qb3 Rc8 20. Re1 c4 21. Bxc4 Qxf5
22. Bf4 Nd7 23. Bd3 Qf6 24. Qxb7 Rb8 25. Qxa6 Kf8 26. Bg5 Qf3 27. Rxe5 1-0

[Event "Mercredi 2022.11.15 ABCD"]
[Site "Montreal CAN"]
[Date "2022.12.07"]
[Round "4"]
[White "Barko, Maxim"]
[Black "Gadbois, Patrick"]
[Result "0-1"]
[WhiteElo "1981"]
[BlackElo "1921"]
[PlyCount "84"]
[EventDate "2022.11.16"]
[EventType "tourn"]
[EventRounds "5"]
[EventCountry "CAN"]

1. e4 e6 2. d3 d5 3. Nd2 Nf6 4. Ngf3 dxe4 5. dxe4 Bc5 6. Bc4 O-O 7. O-O Nc6 8.
c3 e5 9. Qe2 Bg4 10. Rd1 Qe7 11. Nf1 Rad8 12. Bg5 h6 13. Be3 Nxe4 14. Bd5 Nf6
15. Bxc6 Rxd1 16. Rxd1 bxc6 17. h3 Bxf3 18. Qxf3 e4 19. Qg3 Bd6 20. Bf4 Rd8 21.
Ne3 Nh5 22. Bxd6 Rxd6 23. Qg4 Rxd1+ 24. Nxd1 Nf6 25. Qc8+ Kh7 26. Ne3 Qd7 27.
Qa6 Qd2 28. Qxa7 Qe1+ 29. Nf1 Nd5 30. Qa6 Nf4 31. g3 Nxh3+ 32. Kg2 Nxf2 33.
Qxc6 Nd3 34. Nh2 Qf2+ 35. Kh1 Qe1+ 36. Kg2 Qe2+ 37. Kg1 Qe3+ 38. Kg2 Ne1+ 39.
Kh3 Qe2 40. Ng4 Qg2+ 41. Kh4 Nf3+ 42. Kh5 Qh3# 0-1

[Event "Mercredi 2022.11.15 ABCD"]
[Site "Montreal CAN"]
[Date "2022.12.07"]
[Round "4"]
[White "Batorshyn, Ilia"]
[Black "Latorre, Vincent"]
[Result "1/2-1/2"]
[WhiteElo "2145"]
[BlackElo "2130"]
[PlyCount "117"]
[EventDate "2022.11.16"]
[EventType "tourn"]
[EventRounds "5"]
[EventCountry "CAN"]

1. a3 e5 2. c3 d5 3. d4 f6 4. e3 Nc6 5. Bb5 Bd7 6. Bxc6 Bxc6 7. dxe5 Qe7 8.
exf6 Nxf6 9. Nf3 O-O-O 10. Nd4 Bd7 11. b4 Qf7 12. Nd2 Bd6 13. Qc2 Rhf8 14. a4
Ng4 15. N2f3 Ne5 16. Nxe5 Bxe5 17. b5 Bxd4 18. cxd4 Bf5 19. Qe2 Qg6 20. f3 Bd3
21. Qf2 Rde8 22. Qg3 Qf6 23. Kf2 g5 24. Bd2 h5 25. Rac1 Rf7 26. h4 g4 27. Rhg1
Rfe7 28. Rc3 Bc4 29. Re1 Rg7 30. f4 Rge7 31. Kg1 Qf5 32. Rec1 Kb8 33. Ra3 Re6
34. Rac3 a6 35. bxa6 Rxa6 36. a5 Rc6 37. R1c2 b6 38. Rb2 Kb7 39. Rc1 Ra8 40.
Qe1 Kc8 41. axb6 cxb6 42. g3 Ra3 43. Ra1 Rxa1 44. Qxa1 Kb7 45. Qb1 Bd3 46. Qe1
Qe4 47. Qf2 Rc4 48. Qg2 Qf5 49. Kh2 Ra4 50. Qg1 Qe4 51. Qd1 Ra3 52. Bb4 Ra8 53.
Qe1 Re8 54. Bd2 Re6 55. Qf2 Rc6 56. Kg1 Rc4 57. Qg2 Qf5 58. Qf2 Ra4 59. Qe1
1/2-1/2

[Event "Mercredi 2022.11.15 ABCD"]
[Site "Montreal CAN"]
[Date "2022.11.24"]
[Round "4"]
[White "Beaulieu, Pierre"]
[Black "Lima-Barbosa, Raphael"]
[Result "1-0"]
[WhiteElo "1870"]
[BlackElo "1879"]
[PlyCount "79"]
[EventDate "2022.11.16"]
[EventType "tourn"]
[EventRounds "5"]
[EventCountry "CAN"]

1. Nf3 Nf6 2. g3 g6 3. Bg2 Bg7 4. c4 O-O 5. Nc3 d6 6. O-O e5 7. d4 Nfd7 8. Bg5
f6 9. Be3 Na6 10. Rc1 c6 11. a3 Nc7 12. b4 Nb6 13. dxe5 Nxc4 14. exd6 Ne6 15.
Ne4 Nxe3 16. fxe3 f5 17. Nc5 Rf7 18. Qd3 a5 19. Rfd1 Nf8 20. Qb3 b6 21. d7 Nxd7
22. Ne6 Qe7 23. Nfg5 a4 24. Qa2 Ne5 25. Rd8+ Bf8 26. Rxf8+ Rxf8 27. Nc7+ Kh8
28. Nxa8 Qxg5 29. Qd2 Rd8 30. Qc3 Qf6 31. Nxb6 Ba6 32. Nxa4 Rd1+ 33. Rxd1 Bb5
34. Qd4 Bxa4 35. Qd8+ Kg7 36. Qxf6+ Kxf6 37. Rd8 Nc4 38. Kf2 Ne5 39. h3 Bb5 40.
Ra8 1-0

[Event "Mercredi 2022.11.15 ABCD"]
[Site "Montreal CAN"]
[Date "2022.12.07"]
[Round "4"]
[White "Cote, Etienne"]
[Black "Wang, Rachel"]
[Result "0-1"]
[WhiteElo "1793"]
[BlackElo "1892"]
[PlyCount "58"]
[EventDate "2022.11.16"]
[EventType "tourn"]
[EventRounds "5"]
[EventCountry "CAN"]

1. e4 c5 2. Nf3 Nc6 3. Bb5 e6 4. Bxc6 bxc6 5. d3 Ne7 6. Qe2 Ng6 7. h4 h5 8. e5
Be7 9. g3 f6 10. Qe4 Nxe5 11. Nxe5 fxe5 12. Qxe5 Kf7 13. Nd2 d5 14. Nf3 Bf6 15.
Ng5+ Ke8 16. Qe2 Qe7 17. O-O e5 18. c4 Bg4 19. f3 Bf5 20. Be3 Rb8 21. Rae1 e4
22. fxe4 Bg4 23. Qc2 Rxb2 24. Qa4 Qe5 25. Bf4 Qd4+ 26. Kh1 dxc4 27. dxc4 Qd7
28. e5 Bxg5 29. Bxg5 Bf3+ 0-1

[Event "Mercredi 2022.11.15 ABCD"]
[Site "Montreal CAN"]
[Date "2022.12.07"]
[Round "4"]
[White "Have, Didier"]
[Black "Jacquet, Stephane"]
[Result "1-0"]
[WhiteElo "2010"]
[BlackElo "1988"]
[PlyCount "65"]
[EventDate "2022.11.16"]
[EventType "tourn"]
[EventRounds "5"]
[EventCountry "CAN"]

1. d4 d6 2. Nc3 g6 3. e4 Bg7 4. Be3 a6 5. h3 b5 6. Bd3 Bb7 7. f4 Nf6 8. e5 Nh5
9. Nf3 Ng3 10. Rg1 b4 11. Ne2 Ne4 12. Bxe4 Bxe4 13. Ng3 Bb7 14. e6 fxe6 15. Ng5
Bd5 16. Qd3 Bf6 17. Nxe6 Bxe6 18. Qe4 Qd7 19. Qxa8 Qb5 20. Qf3 Bd5 21. Qe2 Qa5
22. Kf2 Nc6 23. Rgd1 Bh4 24. Qg4 g5 25. fxg5 Rf8+ 26. Kg1 Bxg3 27. Qxg3 Bc4 28.
Qg4 Kd8 29. b3 Bb5 30. Qe4 Qa3 31. Qxh7 Qb2 32. Qe4 Qc3 33. g6 1-0

[Event "Mercredi 2022.11.15 ABCD"]
[Site "Montreal CAN"]
[Date "2022.12.07"]
[Round "4"]
[White "Landry, Sylvain"]
[Black "Sekki, Abderaouf"]
[Result "1/2-1/2"]
[WhiteElo "1918"]
[BlackElo "1895"]
[PlyCount "57"]
[EventDate "2022.11.16"]
[EventType "tourn"]
[EventRounds "5"]
[EventCountry "CAN"]

1. d4 f5 2. Nc3 d5 3. Bf4 a6 4. e3 Nf6 5. Bd3 e6 6. Nf3 c5 7. dxc5 Bxc5 8. O-O
O-O 9. Ne2 Nc6 10. Ned4 Bd6 11. Nxc6 bxc6 12. Bxd6 Qxd6 13. c4 e5 14. cxd5 e4
15. Bc4 cxd5 16. Ne1 Be6 17. Bb3 Ng4 18. g3 Rf6 19. Ng2 Ne5 20. Ne1 Rd8 21. Qd4
Rh6 22. f4 Ng4 23. h4 g5 24. hxg5 Rh3 25. Kg2 Rh2+ 26. Kg1 Rh3 27. Kg2 Rh2+ 28.
Kg1 Rh3 29. Kg2 1/2-1/2

[Event "Mercredi 2022.11.15 ABCD"]
[Site "Montreal CAN"]
[Date "2022.12.07"]
[Round "4"]
[White "Lebeau, Gilbert"]
[Black "Genzling, Jerome"]
[Result "1-0"]
[WhiteElo "1924"]
[BlackElo "1981"]
[PlyCount "139"]
[EventDate "2022.11.16"]
[EventType "tourn"]
[EventRounds "5"]
[EventCountry "CAN"]

1. d4 d5 2. c4 e6 3. Nc3 a6 4. cxd5 exd5 5. Nf3 c6 6. a3 Nf6 7. Bg5 Be7 8. e3
Nbd7 9. Bd3 h6 10. Bh4 O-O 11. O-O Re8 12. Qc2 Ne4 13. Bxe7 Qxe7 14. Rae1 Ndf6
15. Nd2 Bf5 16. f3 Nxd2 17. Qxd2 Bxd3 18. Qxd3 c5 19. Rf2 b5 20. dxc5 Qxc5 21.
Rd2 Rad8 22. Qd4 Qe7 23. Kf2 Ne4+ 24. fxe4 dxe4 25. Nd5 Qh4+ 26. Kf1 Qxh2 27.
Red1 Re6 28. Rf2 Qh1+ 29. Ke2 Qh5+ 30. Ke1 Red6 31. Rf5 Qh1+ 32. Kf2 Qh4+ 33.
Kg1 Qg4 34. Ne7+ Kh8 35. Rd5 Rxd5 36. Nxd5 Qe2 37. Qd2 Qc4 38. Kf2 Rd6 39. Qd4
Qc2+ 40. Qd2 Qb3 41. Qd4 a5 42. Rd2 Re6 43. Nc3 b4 44. Qd5 Qxd5 45. Nxd5 bxa3
46. bxa3 Rc6 47. Ke2 Rc1 48. Rb2 Ra1 49. Rb3 Ra2+ 50. Kf1 Kh7 51. Nc3 Ra1+ 52.
Kf2 f5 53. a4 Kg6 54. Rb6+ Kg5 55. Rb5 Kg4 56. Rxa5 Ra3 57. Ne2 Ra2 58. Ra8 g5
59. a5 h5 60. a6 h4 61. a7 Ra1 62. Nd4 Ra2+ 63. Kf1 Ra1+ 64. Ke2 Ra2+ 65. Kd1
Kg3 66. Nxf5+ Kxg2 67. Nxh4+ Kg3 68. Ng6 g4 69. Ne5 Ra5 70. Nxg4 1-0

[Event "Mercredi 2022.11.15 ABCD"]
[Site "Montreal CAN"]
[Date "2022.12.07"]
[Round "4"]
[White "Rodrigue-Lemieux, Shawn"]
[Black "Lawson, Eric"]
[Result "1-0"]
[WhiteElo "2489"]
[BlackElo "2346"]
[PlyCount "109"]
[EventDate "2022.11.16"]
[EventType "tourn"]
[EventRounds "5"]
[EventCountry "CAN"]

1. e4 c5 2. Nf3 d6 3. Bb5+ Bd7 4. Bxd7+ Qxd7 5. c4 Nc6 6. d4 cxd4 7. Nxd4 Nf6
8. Nc3 g6 9. h3 Bg7 10. Be3 O-O 11. O-O a6 12. a4 e6 13. b3 Rac8 14. Qd2 Rfd8
15. Rad1 Qe7 16. Rfe1 Qf8 17. Nxc6 Rxc6 18. a5 Nd7 19. Na4 Rdc8 20. Nb6 Nxb6
21. Bxb6 Bf6 22. Qb4 Bd8 23. Bxd8 Qxd8 24. Re3 b6 25. Red3 bxa5 26. Qa3 Qh4 27.
Rd4 Qg5 28. Rxd6 Rxd6 29. Rxd6 Rd8 30. Rxd8+ Qxd8 31. Qc1 Qd6 32. c5 Qc6 33.
Qc3 a4 34. bxa4 Kf8 35. Qb4 Ke7 36. Qb6 Qxe4 37. Qd6+ Ke8 38. c6 Qd5 39. Qb8+
Ke7 40. c7 Qd1+ 41. Kh2 Qd6+ 42. g3 Qd2 43. c8=N+ Kd7 44. Qb7+ Kd8 45. Kg2 Qd7
46. Qxa6 Qxc8 47. Qxc8+ Kxc8 48. Kf3 Kb7 49. Ke4 f6 50. g4 Kb6 51. g5 fxg5 52.
Ke5 h5 53. f3 Ka5 54. Kxe6 g4 55. fxg4 1-0